[Event "GER MS-211 email"]
[Site "GER email"]
[Date "2015.01.09"]
[Round "?"]
[White "Vorwerk, Horst"]
[Black "Ott, Peter"]
[Result "1/2-1/2"]
[WhiteElo "2091"]
[BlackElo "2004"]
[PlyCount "38"]
[EventDate "2015.01.16"]
[EventType "tourn (corr)"]
[EventRounds "6"]
[EventCountry "GER"]
[SourceTitle "Corr 2020"]
[Source "ChessBase"]
[SourceDate "2019.09.30"]
[SourceVersion "1"]
[SourceVersionDate "2019.09.30"]
[SourceQuality "1"]

1. e4 g6 2. d4 Bg7 3. Nc3 d6 4. f4 Nf6 5. Nf3 c5 6. Bb5+ Bd7 7. e5 Ng4 8. Bxd7+ Qxd7 9. d5 dxe5 10. h3 e4 11. hxg4 exf3 12. Qxf3 Na6 13. Bd2 0-0-0 14. 0-0-0 Nc7 15. Be1 f5 16. gxf5 Qxf5 17. g4 Qf7 18. Bg3 h5 19. f5 hxg4 1/2-1/2

[Event "GER MS-176 email"]
[Site "GER email"]
[Date "2013.03.20"]
[Round "?"]
[White "Langer, Raimund"]
[Black "Vorwerk, Horst"]
[Result "1/2-1/2"]
[WhiteElo "1993"]
[BlackElo "2129"]
[PlyCount "41"]
[EventDate "2013.03.29"]
[EventType "tourn (corr)"]
[EventRounds "6"]
[EventCountry "GER"]
[SourceTitle "Corr 2015"]
[Source "ChessBase"]
[SourceDate "2015.07.17"]
[SourceVersion "1"]
[SourceVersionDate "2015.07.17"]
[SourceQuality "1"]

1. d4 d5 2. c4 c6 3. Nf3 Nf6 4. Nc3 e6 5. Bg5 h6 6. Bxf6 Qxf6 7. e3 Nd7 8. Bd3 dxc4 9. Bxc4 g6 10. 0-0 Bg7 11. Re1 0-0 12. e4 e5 13. d5 Nb6 14. Bb3 Bd7 15. h3 Rac8 16. Qe2 Qd6 17. Rad1 Rfd8 18. a3 Bf6 19. Ba2 Kg7 20. Rc1 Be7 21. Red1 1/2-1/2

[Event "GER-ch 2012-E-V7 serv"]
[Site "GER email"]
[Date "2012.10.04"]
[Round "?"]
[White "Packroff, Hermann"]
[Black "Vorwerk, Horst"]
[Result "1/2-1/2"]
[WhiteElo "1922"]
[BlackElo "2142"]
[PlyCount "61"]
[EventDate "2012.10.08"]
[EventType "tourn (corr)"]
[EventRounds "6"]
[EventCountry "GER"]
[SourceTitle "Corr 2015"]
[Source "ChessBase"]
[SourceDate "2015.07.17"]
[SourceVersion "1"]
[SourceVersionDate "2015.07.17"]
[SourceQuality "1"]

1. e4 e5 2. Nf3 Nf6 3. Nxe5 d6 4. Nf3 Nxe4 5. Nc3 Nxc3 6. dxc3 Be7 7. Be3 0-0 8. Qd2 Nc6 9. 0-0-0 Ne5 10. Nxe5 dxe5 11. Bd3 Be6 12. Qe2 Bd6 13. Kb1 Qh4 14. f3 f5 15. h3 Rae8 16. g4 e4 17. fxe4 fxe4 18. Bb5 Re7 19. c4 Rf3 20. c5 Bf4 21. Bxf4 Rxf4 22. c6 b6 23. Rd8+ Kf7 24. b3 Qf2 25. Qd1 Qc5 26. Be2 Re8 27. Rf1 Rxf1 28. Qxf1+ Ke7 29. Rxe8+ Kxe8 30. Qf4 Qg1+ 31. Kb2 1/2-1/2

[Event "GER-ch 2012-A-V7 serv"]
[Site "GER email"]
[Date "2012.03.14"]
[Round "?"]
[White "Loeffler, Werner"]
[Black "Vorwerk, Horst"]
[Result "1/2-1/2"]
[WhiteElo "2122"]
[BlackElo "2158"]
[PlyCount "84"]
[EventDate "2012.03.19"]
[EventType "tourn (corr)"]
[EventRounds "6"]
[EventCountry "GER"]
[SourceTitle "Corr 2015"]
[Source "ChessBase"]
[SourceDate "2015.07.17"]
[SourceVersion "1"]
[SourceVersionDate "2015.07.17"]
[SourceQuality "1"]
[WhiteTeam "Germany"]
[BlackTeam "Germany"]
[WhiteTeamCountry "GER"]
[BlackTeamCountry "GER"]

1. d4 d5 2. c4 c6 3. Nf3 Nf6 4. e3 e6 5. Nc3 Nbd7 6. Bd3 dxc4 7. Bxc4 b5 8. Bd3 Bb7 9. 0-0 a6 10. a4 b4 11. Ne4 c5 12. Nxf6+ Qxf6 13. a5 cxd4 14. exd4 Bd6 15. Be2 0-0 16. Qa4 Qe7 17. Bg5 Nf6 18. Ne5 h6 19. Bh4 Rac8 20. Ng4 Rfd8 21. d5 Kh8 22. Nxf6 gxf6 23. Rfd1 Be5 24. Qb3 Rxd5 25. Rxd5 Bxd5 26. Qe3 Qf8 27. Bxa6 Rc2 28. Bg3 Bxb2 29. Rd1 Rc5 30. Bf1 Rxa5 31. Qb6 Qc5 32. Qd8+ Kg7 33. Bd6 Ra8 34. Bxc5 Rxd8 35. Bxb4 Rc8 36. Bd2 Ra8 37. Be3 f5 38. f4 h5 39. Be2 Kg6 40. Kf2 h4 41. Bf3 Be4 42. Be2 Bc3 1/2-1/2

[Event "GER-ch 2012-A-V7 serv"]
[Site "GER email"]
[Date "2012.03.14"]
[Round "?"]
[White "Mergard, Hans Peter"]
[Black "Vorwerk, Horst"]
[Result "1/2-1/2"]
[WhiteElo "1943"]
[BlackElo "2158"]
[PlyCount "66"]
[EventDate "2012.03.19"]
[EventType "tourn (corr)"]
[EventRounds "6"]
[EventCountry "GER"]
[SourceTitle "Corr 2015"]
[Source "ChessBase"]
[SourceDate "2015.07.17"]
[SourceVersion "1"]
[SourceVersionDate "2015.07.17"]
[SourceQuality "1"]
[WhiteTeam "Germany"]
[BlackTeam "Germany"]
[WhiteTeamCountry "GER"]
[BlackTeamCountry "GER"]

1. e4 e5 2. Nf3 Nf6 3. Nxe5 d6 4. Nf3 Nxe4 5. d4 d5 6. Bd3 Nc6 7. 0-0 Be7 8. c4 Nb4 9. Be2 0-0 10. Nc3 Be6 11. Ne5 f6 12. Nf3 Kh8 13. a3 Nxc3 14. bxc3 Nc6 15. Nd2 Na5 16. cxd5 Qxd5 17. Bb2 Qc6 18. Re1 Bd6 19. Bd3 Bc4 20. Nxc4 Nxc4 21. Qb3 Nxb2 22. Qxb2 Rae8 23. Rxe8 Rxe8 24. Rb1 Rb8 25. h4 b6 26. a4 Qxa4 27. Ra1 Qd7 28. Rxa7 Qg4 29. g3 Bxg3 30. Be2 Qxh4 31. fxg3 Qxg3+ 32. Kf1 Re8 33. Qb5 Qh3+ 1/2-1/2

[Event "GER-ch43 V03 email"]
[Site "GER email"]
[Date "2012.??.??"]
[Round "?"]
[White "Von Rein, Guenter"]
[Black "Vorwerk, Horst"]
[Result "1/2-1/2"]
[WhiteElo "2232"]
[BlackElo "2160"]
[PlyCount "84"]
[EventDate "2011.04.18"]
[EventType "tourn (corr)"]
[EventRounds "8"]
[EventCountry "GER"]
[SourceTitle "Corr 2015"]
[Source "ChessBase"]
[SourceDate "2015.07.17"]
[SourceVersion "1"]
[SourceVersionDate "2015.07.17"]
[SourceQuality "1"]

1. d4 Nf6 2. c4 e6 3. Nf3 b6 4. g3 Bb7 5. Bg2 Bb4+ 6. Bd2 Qe7 7. 0-0 Bxd2 8. Qxd2 0-0 9. Nc3 d5 10. cxd5 exd5 11. Nh4 Qd7 12. Qg5 h6 13. Qf4 Nc6 14. Nf5 Kh7 15. Bh3 Rg8 16. f3 Rae8 17. Rad1 Qd8 18. e4 Rgf8 19. e5 Ng8 20. Qd2 Bc8 21. Qg2 Nce7 22. Ne3 Bxh3 23. Qxh3 c6 24. f4 f6 25. Qg2 Qc8 26. b4 Kh8 27. Qc2 fxe5 28. fxe5 Rxf1+ 29. Rxf1 Rf8 30. Rxf8 Qxf8 31. Kg2 c5 32. Ne2 cxb4 33. Nf4 Qf7 34. h4 g5 35. hxg5 hxg5 36. Nh3 Qg7 37. g4 a5 38. Kg3 Qh6 39. Qb1 Qh4+ 40. Kg2 Qh7 41. Qxh7+ Kxh7 42. Nxg5+ Kg6 1/2-1/2

[Event "GER-ch43 V03 email"]
[Site "GER email"]
[Date "2011.??.??"]
[Round "?"]
[White "Vorwerk, Horst"]
[Black "Hofmann, Guenter"]
[Result "1-0"]
[WhiteElo "2160"]
[BlackElo "2013"]
[PlyCount "53"]
[EventDate "2011.04.18"]
[EventType "tourn (corr)"]
[EventRounds "8"]
[EventCountry "GER"]
[SourceTitle "Corr 2015"]
[Source "ChessBase"]
[SourceDate "2015.07.17"]
[SourceVersion "1"]
[SourceVersionDate "2015.07.17"]
[SourceQuality "1"]

1. g3 d5 2. Nf3 Nf6 3. Bg2 g6 4. d4 Bg7 5. 0-0 0-0 6. Ne5 c6 7. c4 Be6 8. cxd5 Bxd5 9. Nc3 Bxg2 10. Kxg2 Qb6 11. e4 Nbd7 12. Nf3 Rad8 13. Qe2 e6 14. Rd1 h6 15. Bf4 Qb4 16. a3 Qe7 17. h3 Ne8 18. Na4 f5 19. exf5 Rxf5 20. Nh4 Ra5 21. Nc5 Nxc5 22. dxc5 Rxd1 23. Rxd1 Qf7 24. Qc2 g5 25. Bd2 Rb5 26. b4 gxh4 27. a4 1-0

[Event "GER-ch49 final email"]
[Site "GER email"]
[Date "2010.10.14"]
[Round "?"]
[White "Vorwerk, Horst"]
[Black "Haumann, Joachim"]
[Result "1-0"]
[WhiteElo "2155"]
[BlackElo "2132"]
[PlyCount "41"]
[EventDate "2010.??.??"]
[EventType "tourn (corr)"]
[EventRounds "8"]
[EventCountry "GER"]
[SourceTitle "Corr 2015"]
[Source "ChessBase"]
[SourceDate "2015.07.17"]
[SourceVersion "1"]
[SourceVersionDate "2015.07.17"]
[SourceQuality "1"]

1. g3 e5 2. Bg2 Nc6 3. c4 Nf6 4. Nc3 Bc5 5. e3 0-0 6. Nge2 d6 7. 0-0 Bf5 8. d4 Bb6 9. h3 h6 10. g4 Bh7 11. f4 exd4 12. exd4 Qd7 13. f5 Rfe8 14. Bf4 Kh8 15. Bg3 h5 16. Rf4 hxg4 17. hxg4 a6 18. Bf2 Qd8 19. Qd3 Nd7 20. Be4 Nf6 21. Qh3 1-0

[Event "GER-ch49 final email"]
[Site "GER email"]
[Date "2010.??.??"]
[Round "?"]
[White "Vorwerk, Horst"]
[Black "Lelgemann, Ludwig"]
[Result "0-1"]
[WhiteElo "2155"]
[BlackElo "2154"]
[PlyCount "82"]
[EventDate "2010.??.??"]
[EventType "tourn (corr)"]
[EventRounds "8"]
[EventCountry "GER"]
[SourceTitle "Corr 2015"]
[Source "ChessBase"]
[SourceDate "2015.07.17"]
[SourceVersion "1"]
[SourceVersionDate "2015.07.17"]
[SourceQuality "1"]

1. d4 d5 2. c4 e6 3. Nc3 Nf6 4. cxd5 exd5 5. Bg5 Be7 6. e3 h6 7. Bf4 0-0 8. Bd3 Be6 9. Nf3 Nbd7 10. 0-0 c5 11. h3 c4 12. Bc2 Bb4 13. a3 Bxc3 14. bxc3 Ne4 15. Bxe4 dxe4 16. Nd2 Bd5 17. a4 Qb6 18. a5 Qe6 19. Rb1 Qc6 20. Rb4 b5 21. a6 Qxa6 22. Qb1 Bc6 23. Nxe4 Nb6 24. Be5 Nd5 25. Rb2 f5 26. Nc5 Qb6 27. Qc1 a5 28. e4 fxe4 29. Re1 e3 30. fxe3 Rfe8 31. Bxg7 Kxg7 32. e4 Nf6 33. Qf4 Qb8 34. Qh4 Nh7 35. Qg4+ Kh8 36. Qg6 Qc7 37. Rf1 Rg8 38. Qxh6 b4 39. Rbf2 Be8 40. Qe6 b3 41. Qd5 Qb8 0-1

[Event "GER ML-365 email"]
[Site "GER email"]
[Date "2009.??.??"]
[Round "?"]
[White "Langheld, Werner"]
[Black "Vorwerk, Horst"]
[Result "1/2-1/2"]
[WhiteElo "2038"]
[BlackElo "2202"]
[PlyCount "57"]
[EventDate "2009.??.??"]
[EventType "tourn (corr)"]
[EventRounds "6"]
[EventCountry "GER"]
[SourceTitle "Corr 2020"]
[Source "ChessBase"]
[SourceDate "2019.09.30"]
[SourceVersion "1"]
[SourceVersionDate "2019.09.30"]
[SourceQuality "1"]

1. e4 e5 2. Nf3 Nf6 3. d4 Nxe4 4. Bd3 d5 5. Nxe5 Nd7 6. Nxd7 Bxd7 7. 0-0 Bd6 8. c4 c6 9. cxd5 cxd5 10. Nc3 Nxc3 11. bxc3 0-0 12. Qh5 g6 13. Qxd5 Qc7 14. Bh6 Rfd8 15. Qf3 Qxc3 16. Qf6 Bf8 17. Bxf8 Rxf8 18. Be4 Rac8 19. h4 Bg4 20. Bd5 Qc7 21. Bb3 Qc6 22. Qxc6 bxc6 23. Rfe1 Rfe8 24. f3 Bd7 25. Re5 Rxe5 26. dxe5 c5 27. Rc1 Kf8 28. Kf2 Ke7 29. Ke3 1/2-1/2

[Event "GER-ch39 V04 email"]
[Site "GER email"]
[Date "2007.04.30"]
[Round "?"]
[White "Wuttke, Johannes"]
[Black "Vorwerk, Horst"]
[Result "1/2-1/2"]
[WhiteElo "2122"]
[BlackElo "2202"]
[PlyCount "49"]
[EventDate "2007.??.??"]
[EventType "tourn (corr)"]
[EventRounds "10"]
[EventCountry "GER"]
[SourceTitle "Corr 2011"]
[Source "ChessBase"]
[SourceDate "2010.08.31"]
[SourceVersion "1"]
[SourceVersionDate "2010.08.31"]
[SourceQuality "1"]

1. e4 e5 2. Nf3 Nf6 3. d4 Nxe4 4. Bd3 d5 5. Nxe5 Nd7 6. Nxd7 Bxd7 7. 0-0 Bd6 8. Qh5 Nf6 9. Re1+ Be7 10. Qe2 Be6 11. Bg5 0-0 12. Nd2 Re8 13. c3 h6 14. Bh4 Bg4 15. f3 Bd7 16. Bc2 c5 17. Qf2 Qb6 18. Nb3 cxd4 19. Qxd4 Qxd4+ 20. Nxd4 g5 21. Bf2 Bc5 22. Nf5 Bxf2+ 23. Kxf2 Bxf5 24. Bxf5 Kf8 25. g3 1/2-1/2

[Event "GER-ch38 V06 email"]
[Site "GER email"]
[Date "2007.??.??"]
[Round "?"]
[White "Schmidt, Theo"]
[Black "Vorwerk, Horst"]
[Result "1/2-1/2"]
[WhiteElo "2124"]
[BlackElo "2202"]
[PlyCount "37"]
[EventDate "2007.??.??"]
[EventType "tourn (corr)"]
[EventRounds "8"]
[EventCountry "GER"]
[SourceTitle "Corr 2008"]
[Source "ChessBase"]
[SourceDate "2008.06.24"]
[SourceVersion "1"]
[SourceVersionDate "2008.06.24"]
[SourceQuality "1"]

1. e4 e5 2. Nf3 Nf6 3. Nxe5 d6 4. Nf3 Nxe4 5. c4 Nc6 6. Nc3 Nxc3 7. dxc3 Bf5 8. Bd3 Qd7 9. 0-0 Be7 10. Re1 0-0 11. Qc2 Bxd3 12. Qxd3 Rae8 13. Be3 a6 14. Rad1 Qc8 15. h3 Bf6 16. c5 dxc5 17. Bxc5 Rd8 18. Qc2 Rfe8 19. Rxd8 1/2-1/2

[Event "GER-ch38 V06 email"]
[Site "GER email"]
[Date "2007.??.??"]
[Round "?"]
[White "Vorwerk, Horst"]
[Black "Wuttke, Johannes"]
[Result "1/2-1/2"]
[WhiteElo "2202"]
[BlackElo "2141"]
[PlyCount "65"]
[EventDate "2007.??.??"]
[EventType "tourn (corr)"]
[EventRounds "8"]
[EventCountry "GER"]
[SourceTitle "Corr 2008"]
[Source "ChessBase"]
[SourceDate "2008.06.24"]
[SourceVersion "1"]
[SourceVersionDate "2008.06.24"]
[SourceQuality "1"]

1. d4 Nf6 2. c4 e6 3. Nc3 Bb4 4. g3 Nc6 5. Bg2 0-0 6. Nf3 d5 7. cxd5 exd5 8. 0-0 Ne4 9. Bd2 Re8 10. Rc1 Bf5 11. e3 Bg4 12. h3 Be6 13. Be1 Rb8 14. a3 Bf8 15. Kh2 Qd7 16. b4 a6 17. Na4 Bf5 18. Nc5 Nxc5 19. dxc5 Be4 20. Bc3 Rbd8 21. Re1 Be7 22. Qe2 Qe6 23. Qb2 Qg6 24. a4 Qf5 25. Ne5 Bf6 26. Nxc6 Bxc3 27. Rxc3 Bxg2 28. Kxg2 bxc6 29. Qb1 Re4 30. Rd1 Rb8 31. Rd4 Qf6 32. Rxe4 dxe4 33. Rc1 1/2-1/2

[Event "GER-ch37 V7 email"]
[Site "GER email"]
[Date "2006.10.15"]
[Round "?"]
[White "Eglseder, Gottfried"]
[Black "Vorwerk, Horst"]
[Result "1/2-1/2"]
[WhiteElo "2076"]
[BlackElo "2204"]
[PlyCount "86"]
[EventDate "2006.??.??"]
[EventType "tourn (corr)"]
[EventRounds "10"]
[EventCountry "GER"]
[SourceTitle "Corr 2008"]
[Source "ChessBase"]
[SourceDate "2008.06.24"]
[SourceVersion "1"]
[SourceVersionDate "2008.06.24"]
[SourceQuality "1"]

1. d4 Nf6 2. Nf3 e6 3. e3 b6 4. Nbd2 Bb7 5. Bd3 c5 6. 0-0 Nc6 7. a3 Be7 8. dxc5 bxc5 9. b3 0-0 10. Bb2 d6 11. Qe2 Rb8 12. Rad1 Nd7 13. Rfe1 Re8 14. e4 Qc7 15. Bb5 Nf8 16. Nf1 Ng6 17. Ng3 Red8 18. Qe3 Bc8 19. c4 e5 20. Nf5 Nd4 21. N3xd4 cxd4 22. Qf3 Bg5 23. Qg4 h6 24. Ba4 Ne7 25. Nxe7+ Qxe7 26. Qe2 Be6 27. g3 Qb7 28. f4 Bf6 29. Rb1 Qc7 30. Qd3 Be7 31. f5 Bc8 32. Bc1 Bb7 33. Bd2 Bf6 34. Rf1 Qe7 35. Rbe1 Rf8 36. Rf2 Bg5 37. Bxg5 Qxg5 38. f6 g6 39. Bd7 h5 40. Rf3 h4 41. Ref1 a5 42. Bh3 Rfd8 43. Bg2 Bc8 1/2-1/2

[Event "GER-ch37 V7 email"]
[Site "GER email"]
[Date "2006.10.14"]
[Round "?"]
[White "Zimmermann, Falk"]
[Black "Vorwerk, Horst"]
[Result "0-1"]
[WhiteElo "2024"]
[BlackElo "2204"]
[PlyCount "132"]
[EventDate "2006.??.??"]
[EventType "tourn (corr)"]
[EventRounds "10"]
[EventCountry "GER"]
[SourceTitle "Corr 2008"]
[Source "ChessBase"]
[SourceDate "2008.06.24"]
[SourceVersion "1"]
[SourceVersionDate "2008.06.24"]
[SourceQuality "1"]

1. c4 e5 2. Nc3 Nf6 3. Nf3 Nc6 4. g3 Bb4 5. Nd5 Bc5 6. Bg2 d6 7. 0-0 0-0 8. e3 Bg4 9. h3 Bh5 10. d3 Nxd5 11. cxd5 Ne7 12. g4 Bg6 13. d4 Bb6 14. dxe5 Be4 15. Qa4 Bxd5 16. Rd1 Bxf3 17. Bxf3 d5 18. Bg2 f6 19. e6 c6 20. e4 Qd6 21. Qb3 Qxe6 22. Bd2 Qf7 23. Bb4 c5 24. Ba3 d4 25. Qb5 Rac8 26. Rac1 Qe8 27. Bf1 Ng6 28. b4 Qe5 29. bxc5 Bc7 30. Qb3+ Kh8 31. Qg3 Qg5 32. Qf3 Nh4 33. Qe2 Rfd8 34. Rd3 Ng6 35. Qf3 Bf4 36. Rb1 Ne5 37. Qd1 Nxd3 38. Bxd3 Rc7 39. Rb5 Qg6 40. Kg2 a6 41. Rb6 Qg5 42. Bb4 h5 43. Re6 hxg4 44. Qxg4 Qxg4+ 45. hxg4 Rc6 46. Re7 Rb8 47. Rd7 Be5 48. Rd5 g5 49. a4 Rbc8 50. Kf3 R6c7 51. Ke2 Kg7 52. Bc4 Kg6 53. Bd3 Rh8 54. Ba5 Re7 55. Rd8 Rxd8 56. Bxd8 Rh7 57. Ba5 Rh1 58. Bd2 Ra1 59. Bc2 Ra2 60. Kd3 Ra3+ 61. Kc4 Rf3 62. Be1 Rf4 63. Bd1 Rxe4 64. Bd2 d3+ 65. Kxd3 Rd4+ 66. Ke3 Rc4 0-1

[Event "GER-ch36 V8 email"]
[Site "GER email"]
[Date "2004.03.29"]
[Round "?"]
[White "Vorwerk, Horst"]
[Black "Nyberg, Wilfred"]
[Result "1/2-1/2"]
[WhiteElo "2184"]
[BlackElo "2233"]
[PlyCount "59"]
[EventDate "2004.03.29"]
[EventType "tourn (corr)"]
[EventRounds "10"]
[EventCountry "GER"]
[SourceTitle "Corr 2008"]
[Source "ChessBase"]
[SourceDate "2008.06.24"]
[SourceVersion "1"]
[SourceVersionDate "2008.06.24"]
[SourceQuality "1"]

1. d4 d5 2. c4 c6 3. Nf3 dxc4 4. e3 Be6 5. a4 Nf6 6. Na3 c5 7. Bxc4 Bxc4 8. Nxc4 cxd4 9. Qb3 Qd5 10. Bd2 Nbd7 11. exd4 Nb6 12. Rc1 Nxc4 13. Rxc4 e6 14. 0-0 Bd6 15. Bb4 0-0 16. Bxd6 Qxd6 17. Rfc1 Qa6 18. Qc2 Rad8 19. b4 Nd5 20. Ng5 Nf6 21. b5 Qd6 22. Nf3 Nd5 23. Ng5 Nf6 24. Nf3 a6 25. Qb1 Qb6 26. bxa6 Qxa6 27. Qb3 Qa8 28. Qc2 h6 29. Rc5 Rd6 30. h3 1/2-1/2

[Event "GER-ch36 V8 email"]
[Site "GER email"]
[Date "2004.03.29"]
[Round "?"]
[White "Vorwerk, Horst"]
[Black "Ploenes, Helmut"]
[Result "1/2-1/2"]
[WhiteElo "2184"]
[BlackElo "2031"]
[PlyCount "49"]
[EventDate "2004.03.29"]
[EventType "tourn (corr)"]
[EventRounds "10"]
[EventCountry "GER"]
[SourceTitle "Corr 2008"]
[Source "ChessBase"]
[SourceDate "2008.06.24"]
[SourceVersion "1"]
[SourceVersionDate "2008.06.24"]
[SourceQuality "1"]

1. d4 Nf6 2. c4 e6 3. Nc3 d5 4. cxd5 exd5 5. Bg5 c6 6. e3 Be7 7. Qc2 0-0 8. Bd3 h6 9. Bh4 Re8 10. Nge2 Bg4 11. f3 Be6 12. 0-0 Nbd7 13. Rae1 Nb6 14. Kh1 Rc8 15. Bf2 c5 16. dxc5 Bxc5 17. Nd4 Bd7 18. Bh4 Na4 19. Qb3 Nxc3 20. bxc3 Qb6 21. Qc2 Bxd4 22. exd4 Qc6 23. Rxe8+ Nxe8 24. Rc1 b5 25. Bf2 1/2-1/2